Statistics for Top 10 West Ham PL scorers

Click here to take the quiz!

General Stats

  • This quiz has been taken 54 times
  • The average score is 5 of 10

Answer Stats

HintAnswer% Correct
41Cole
84%
33Noble
78%
48Di Canio
73%
30Carroll
71%
24Lampard
53%
36Sinclair
31%
23Cottee
29%
24Hartson
24%
21Dicks
20%
29Kanoute
13%

Score Distribution

Percentile by Number Answered

Percent of People with Each Score

Your Score History

You have not taken this quiz